| 000 | 00632nac a22001571u 4500 | ||
|---|---|---|---|
| 008 | 101018s2005 xxu||||| |||| 00| 0 ara d | ||
| 020 | _a977019820x | ||
| 082 |
_a301.434 _bر ز هـ |
||
| 245 |
_aقضية الأجيال : _bتحدى الشباب المصرى عبر قرنين / _cأحمد عبد الله رزة |
||
| 260 |
_aالقاهرة : _bالهيئة المصرية العامة للكتاب ،2005 _c2005. |
||
| 300 |
_a196 ص ؛ _c20 سم. |
||
| 490 |
_920481 _aسلسلة العلوم الإجتماعية |
||
| 511 | _aCatalogued by: Sara | ||
| 650 |
_aالشباب في مصر _920484 |
||
| 942 |
_cBB _k301.434 ر ز ه _2ddc |
||
| 999 |
_c7120 _d7120 |
||